000 00626nam a2200229Ia 4500
003 OSt
005 20220924123352.0
006 a|||||r|||| 00| 0
007 ta
008 220923b |||||||| |||| 00| 0 fre d
024 _a145207
037 _cTextual
040 _aARTS
_cARTS
_bfre
041 _2fre
_afre
082 _aY176533:345, 122H8(906)
100 _aLeiris Michael
_9192562
245 0 _aLa langue secrete des dogans de Sanga
260 _aNA
_bNA
_c1948
650 _aSOCIOLOGY
942 _hY176533:345, 122H8(906)
_cTEXL
_2CC
999 _c415446
_d415446